|
|
|
|
| LEADER |
00776nab#a2200289#ar4500 |
| 001 |
000029331 |
| 003 |
SVKKK |
| 005 |
00000000000000.0 |
| 008 |
c xo e sloo |
| FMT |
|
|
|
| 038 |
|
|
|a SVKKK
|
| 040 |
|
|
|a SVKKK
|b slo
|e AACR2
|
| 041 |
0 |
|
|a slo
|
| 044 |
|
|
|a xo
|c SK
|
| 080 |
|
|
|a 621.791.
|2 1981
|
| 100 |
1 |
|
|a Vitásek, Martin
|4 aut
|
| 245 |
1 |
0 |
|a Atestácia zváracích (prídavných) materiálov pre jadrovú energetiku
|c Vitásek Martin,
|
| 300 |
|
|
|b Tab.
|
| 650 |
0 |
4 |
|a atestácie
|
| 650 |
0 |
4 |
|a energetika jadrová
|x využitie
|x analýzy
|
| 650 |
0 |
4 |
|a materiály zváracie
|
| 773 |
0 |
|
|t Zváranie-Svařování
|x 0044-5525
|g Roč. 48, č. 10(1999), s. 234-235
|
| 974 |
|
|
|d 991116
|a MI
|
| 992 |
|
|
|a RBX
|
| BAS |
|
|
|
| 852 |
|
|
|a SVKKK
|b BIB
|
| 998 |
|
|
|a HUT
|